|
|
|
|
| LEADER |
00718nam a2200193 i 4500 |
| 001 |
misc57904 |
| 005 |
20210526195745.0 |
| 008 |
210526s1927 hu o 0|| hun d |
| 040 |
|
|
|a SZTE Miscellanea Repozitórium
|b hun
|
| 041 |
|
|
|a hun
|
| 100 |
1 |
|
|a Kovács Mária Olga
|
| 245 |
1 |
0 |
|a Hugo von Hofmannsthal drámai művészete
|h [elektronikus dokumentum] /
|c Kovács Mária Olga
|
| 260 |
|
|
|a Koroknay-kiadás
|b Szeged, Magyarország
|c 1927
|
| 300 |
|
|
|a 32 p.
|c 23 cm
|
| 650 |
|
4 |
|a Bölcsészettudományok
|
| 650 |
|
4 |
|a Nyelvek és irodalom
|
| 650 |
|
4 |
|a Általános irodalomtudományok
|
| 695 |
|
|
|a Hugo von Hofmannsthal, Osztrák irodalom - dráma
|
| 856 |
4 |
0 |
|u http://misc.bibl.u-szeged.hu/57904/1/xb_144595.pdf
|z Dokumentum-elérés
|